01317nam a2200217Ia 4500003000400000005001700004008004100021040002100062041000800083082002400091110004400115245009500159250001800254260006100272300003100333505053800364650005200902942001200954999001500966952011800981OSt20210724010602.0210310s1979 ck gr 000 0 spa d aCO-JMCRcCO-JMCR0 aspa04a332.71 /bA837m2232 aAsociación Bancaria de Colombia9802210aManual de crédito agropecuario : bLey 5a. de 1973 / cAsociación Bancaria de Colombia a3a. edición a[Bogotá] : bAsociación Bancaria de Colombia, c1979 a[94] páginas ; c23 cm.0 aFundamentos -- Entidades con acceso al redescubrimiento, programación y coordinación -- Beneficiarios y compromisos del beneficiario -- Actividades financiables agrupadas por plazos -- Características generales de los créditos -- Actividades no financiables -- Cuantías máximas financiables -- Garantías y fondo de garantías -- Condiciones del crédito -- Documentación básica para tramitación de créditos -- Metodología para tramitación de créditos -- Prorrogas -- Índice de actividades financiables14aCrédito agrícola916545vManualeszColombia 2ddccBK c8177d8177 00102ddc40708NFICaCPLbCPLd2018-04-15eDonacióno332.71 / A837mp430003321r2024-05-16 00:00:00tEj.1yBK